Loading...
| History - World | 0 | 4 | 1 | 0 | 35 | 42 | 105.75 | 1 | 1 | 6.67 | 11.82 |
| History - Other | 0 | 2 | 0 | 2 | 20 | 130 | 135.50 | 0 | 0 | -0.07 | 2.73 |
| Social Science | 0 | 2 | 0 | 1 | 20 | 95 | 112.50 | 0 | 1 | 2.01 | 8.18 |
| Religion | 0 | 2 | 0 | 2 | 20 | 127 | 133.50 | 0 | 0 | 0.14 | 7.27 |
| Current Events | 0 | 1 | 0 | 1 | 10 | 135 | 135.00 | 0 | 0 | 0.25 | 13.33 |
| Mythology | 0 | 1 | 0 | 0 | 10 | 134 | 134.00 | 0 | 0 | 0.45 | 3.64 |
| Pop Culture | 0 | 1 | 0 | 0 | 10 | 138 | 138.00 | 0 | 0 | 0.00 | 10.00 |
| Science - Physics | 0 | 1 | 0 | 1 | 10 | 129 | 129.00 | 0 | 0 | 0.00 | 0.91 |
| Philosophy | 0 | 0 | 0 | 0 | 0 | 0.00 | 0 | 0 | 0.00 | 0.00 | |
| Fine Arts - Classical Music | 0 | 0 | 0 | 0 | 0 | 0.00 | 0 | 0 | 0.00 | 0.00 | |
| History - American | 0 | 0 | 0 | 0 | 0 | 0.00 | 0 | 0 | 0.00 | 0.00 | |
| History - European | 0 | 0 | 1 | 0 | -5 | 0.00 | 0 | 0 | 0.00 | 0.00 | |
| Literature - World | 0 | 0 | 1 | 0 | -5 | 0.00 | 0 | 0 | 0.00 | 0.00 |